000 00604nam a22002057a 4500
005 20241213104038.0
008 241213b ||||| |||| 00| 0 eng d
040 _cAL
041 _aEnglish
082 _223
_a348.04
_bEASS
100 _aEastern Book Company
_9190670
245 _aSupreme Court Cases: Vol 3
260 _aLucknow
_bEastern Book Company
_c1985
300 _axviii,780 p.
_bHB
_c24x16 cm.
365 _a1061
_b₹959.52
_c
_d₹1279.36
_e25%
_f28-11-2024
440 _aVolume 3
_9190671
650 _aLaw
_9190672
650 _aMode of Citation (1985) 3 SCC
_9190673
942 _2ddc
_cBI
999 _c232808
_d232808